SCI Integrated science (Record no. 8200)
[ view plain ]
| 000 -LEADER | |
|---|---|
| fixed length control field | 00579cam a2200157 a 4500 |
| 020 ## - ISBN | |
| International Standard Book Number | 9780077342289 (pbk. : acidfree paper) |
| 050 #4 - LIBRARY OF CONGRESS CALL NUMBER | |
| Classification Number | Q183.3.A1 |
| Item Number | I59 2008 |
| 245 00 - TITLE | |
| Title | SCI Integrated science |
| Medium | [electronic resource] : |
| Remainder of title | 2009 CUSTOM EDITION |
| Statement of responsibility, etc | Michael E. Brint, David J. Marcey, Michael C. Shaw, editors. |
| 260 ## - PUBLICATION, DISTRIBUTION, ETC.(IMPRINT) | |
| Place of publication, distribution, etc | New York : |
| Name of publisher, distributor, etc | McGraw Hill |
| Date of publication, distribution, etc | 2008 |
| 650 #0 - SUBJECT--TOPIC | |
| General subdivision | Study and teaching (Higher) |
| 700 1# - ADDED ENTRY--PERSONAL AUTHOR | |
| Personal Name | Brint, Michael. |
| 700 1# - ADDED ENTRY--PERSONAL AUTHOR | |
| Personal Name | Marcey, David James. |
| 700 1# - ADDED ENTRY--PERSONAL AUTHOR | |
| Personal Name | Shaw, Michael C. |
| 856 40 - URL/ELECTRONIC LOCATION AND ACCESS | |
| Uniform Resource Identifier | <a href="http://www.columbia.edu/cgi-bin/cul/resolve?clio7899939">http://www.columbia.edu/cgi-bin/cul/resolve?clio7899939</a> |
| 942 ## - ADDED ENTRY ELEMENTS(KOHA) | |
| Source of classification or shelving scheme | Library of Congress Classification |
| Koha item type | General circulation |
| Source of classification or shelving scheme | Not for loan | Location (home branch) | Sublocation (holding branch) | Shelving location | Date accessioned | Full call number | Barcode | Koha item type | Public note |
|---|---|---|---|---|---|---|---|---|---|
| Library of Congress Classification | Main Campus Library | Main Campus Library | 04/08/2015 | Q183.3.A1 I59 2008 | 2015/006722 | General circulation | amm |